| 000 | 00925nam a2200253 i 4500 | ||
|---|---|---|---|
| 001 | 183093 | ||
| 003 | ES-MaACL | ||
| 005 | 20250813060904.0 | ||
| 008 | 140115s2000 sp | |||| ||spa d | ||
| 020 | _a84-7844-492-0 | ||
| 080 | _a273.1 | ||
| 100 | 1 |
_aJonas, Hans. _966820 |
|
| 245 | 1 | 3 |
_aLa religión gnóstica _b: el mensaje del Dios extraño y los comienzos del cristianismo / _cHans Jonas ; prólogo de José Montserrat Torrents ; traducción de Menchu Gutiérrez. |
| 260 |
_aMadrid : _bSiruela, _c[2000] |
||
| 300 |
_a415 p. ; _c22 cm. |
||
| 490 | 1 |
_aEl árbol del paraíso ; _v21 |
|
| 504 | _aBibliografía: p. 387-411. | ||
| 650 | 1 | 4 |
_aGnosticismo. _9136192 |
| 700 | 0 |
_aMontserrat Torrents, José. _982748 |
|
| 700 | 1 |
_aGutiérrez, Menchu, _d1957- _961070 |
|
| 830 | 0 | 3 |
_aEl árbol del paraíso _v21 _9179942 |
| 852 |
_aES-MaACL _jL-29904 _z.- Donat. Miguel A. Velasco |
||
| 999 |
_c183093 _d183093 |
||